Normal view
MARC view
- حقوق التأليف والنشر -- قوانين وتشريعات -- الاردن -- الايداع القانوني ( مكتبات )-- قوانين وتشريعات -- الاردن
Entry Topical Term
001 - CONTROL NUMBER
- control field: 21357
003 - CONTROL NUMBER IDENTIFIER
- control field: JO-AjAnu
005 - DATE AND TIME OF LATEST TRANSACTION
- control field: 20230606073712.0
008 - FIXED-LENGTH DATA ELEMENTS
- fixed length control field: 230606|| aca||aabn | a|a d
040 ## - CATALOGING SOURCE
- Original cataloging agency: JO-AjAnu
- Transcribing agency: JO-AjAnu
150 ## - HEADING--TOPICAL TERM
- Topical term or geographic name entry element: حقوق التأليف والنشر -- قوانين وتشريعات -- الاردن -- الايداع القانوني ( مكتبات )-- قوانين وتشريعات -- الاردن
670 ## - SOURCE DATA FOUND
- Source citation: Work cat.: (JO-AjAnu)10972: الابراهيم ، هاني , author 21356, الإيداع القانوني للمصنفات وفقا لأحكام قانون حماية حق المؤلف الأردني رقم (22) لسنة 1992 وتعديلاتة